[Event "41st World U20 ch"]
[Site "Panaji IND"]
[Date "2002.12.10"]
[Round "2.25"]
[White "Inarkiev, Ernesto"]
[Black "Borchgrevink, Harald"]
[Result "1-0"]
[WhiteElo "2556"]
[BlackElo "2174"]
[EventDate "2002.12.09"]
[PlyCount "61"]

1.d4 d5 2.c4 e6 3.Nf3 c6 4.e3 Nf6 5.Bd3 dxc4 6.Bxc4 b5 7.Bd3 a6 8.O-O Bb7 
9.a4 Nbd7 10.e4 b4 11.Bg5 h6 12.Bh4 g5 13.Bg3 Nh5 14.Nbd2 Nxg3 15.hxg3 c5 
16.d5 exd5 17.exd5 Bg7 18.Re1+ Kf8 19.Qc2 Bf6 20.Nc4 Nb6 21.Ne3 Nxd5 22.
Nf5 Qc7 23.Nd2 Ne7 24.Nxe7 Bxe7 25.Nc4 Bf6 26.Ne3 Qc6 27.Be2 Qc7 28.Rad1 
Re8 29.Bg4 Be4 30.Qc4 Qc6 31.Bd7 1-0

[Event "41st World U20 ch"]
[Site "Panaji IND"]
[Date "2002.12.10"]
[Round "2.26"]
[White "Arjun Tiwari, Deepak"]
[Black "Kamble, Vikramaditya"]
[Result "1/2-1/2"]
[WhiteElo "2154"]
[BlackElo "2317"]
[EventDate "2002.12.09"]
[PlyCount "112"]

1.f4 d5 2.Nf3 Nf6 3.e3 Bg4 4.Be2 Bxf3 5.Bxf3 Nbd7 6.d4 e6 7.O-O c6 8.b3 
Qc7 9.c4 h6 10.Nc3 g5 11.g3 Bb4 12.Bd2 gxf4 13.exf4 Qb6 14.Ne2 dxc4 15.
bxc4 Ba3 16.Rb1 Qa6 17.Qb3 O-O-O 18.Ba5 Nb6 19.Qxa3 Nxc4 20.Qe7 Nd5 21.
Bxd5 Nxa5 22.Bf3 Rd7 23.Qf6 Rhd8 24.Rfc1 Qd3 25.Kf2 Re8 26.Rb2 Rc7 27.Rbc2
Qa6 28.Qe5 b5 29.Rc5 Nc4 30.R1xc4 bxc4 31.d5 f6 32.Qxc7+ Kxc7 33.Rxc6+ 
Qxc6 34.dxc6 Rd8 35.Nc3 a6 36.Ke2 f5 37.Na4 Rd6 38.Nc5 c3 39.Nxa6+ Kc8 40.
Nb4 Rd2+ 41.Ke3 Rb2 42.a3 Rxh2 43.Bd1 Kc7 44.Bb3 Kd6 45.Kd4 Rg2 46.Kxc3 
Rxg3+ 47.Nd3 h5 48.c7 Rg8 49.Nc5 Rg3+ 50.Kd4 Kxc7 51.Bxe6 h4 52.Bxf5 h3 
53.Ne6+ Kb6 54.Bxh3 Rxh3 55.f5 Rxa3 56.f6 Rf3 1/2-1/2

[Event "41st World U20 ch"]
[Site "Panaji IND"]
[Date "2002.12.10"]
[Round "2.28"]
[White "Gurpreet, Singh Maras"]
[Black "Darban, Varighan"]
[Result "0-1"]
[WhiteElo "2145"]
[BlackElo "2310"]
[EventDate "2002.12.09"]
[PlyCount "80"]

1.e4 d6 2.d4 Nf6 3.Nc3 g6 4.Nf3 Bg7 5.Be2 O-O 6.O-O c6 7.h3 Qc7 8.Bf4 Nh5 
9.Bh2 e5 10.Qd2 Nd7 11.Rad1 Re8 12.d5 c5 13.Nb5 Qb6 14.a4 Ndf6 15.g4 Nf4 
16.Bxf4 Nxe4 17.a5 Qd8 18.Qc1 exf4 19.Qxf4 Bxb2 20.Bd3 a6 21.Bxe4 axb5 22.
Rb1 Qf6 23.Qh6 Rxe4 24.Ng5 Re7 25.Rbe1 Rxe1 26.Rxe1 Bd7 27.Qxh7+ Kf8 28.
Ne6+ Bxe6 29.dxe6 Re8 30.Qh6+ Qg7 31.Qf4 Be5 32.Qf3 Re7 33.a6 bxa6 34.Qa8+
Re8 35.e7+ Kxe7 36.Qxa6 Kf8 37.Qxb5 Bh2+ 38.Kf1 Rxe1+ 39.Kxe1 Qc3+ 40.Kf1 
Qxh3+ 0-1

[Event "41st World U20 ch"]
[Site "Panaji IND"]
[Date "2002.12.10"]
[Round "2.29"]
[White "Annaberdiev, Meilis"]
[Black "Pratik Shriwas, R."]
[Result "1-0"]
[WhiteElo "2305"]
[BlackElo "2148"]
[EventDate "2002.12.09"]
[PlyCount "57"]

1.d4 d5 2.Nf3 e6 3.Bf4 Nf6 4.Nbd2 Be7 5.e3 Nbd7 6.Ne5 c5 7.c3 Nxe5 8.dxe5 
Nd7 9.Bd3 g5 10.Bg3 Qc7 11.e4 Nxe5 12.Bb5+ Kf8 13.Qh5 a6 14.Be2 f5 15.exf5
exf5 16.f4 Ng6 17.fxg5 f4 18.O-O Bf5 19.Bg4 Bd3 20.Rf3 Be4 21.Nxe4 dxe4 
22.Rxf4+ Nxf4 23.Qh6+ Ke8 24.Rd1 Qc6 25.Qg7 Rf8 26.Bxf4 Rxf4 27.Bh5+ Qg6 
28.Bxg6+ hxg6 29.Qxg6+ 1-0

[Event "41st World U20 ch"]
[Site "Panaji IND"]
[Date "2002.12.10"]
[Round "2.30"]
[White "Leong Chee Ming, Luke"]
[Black "Kosmo, Santul"]
[Result "1-0"]
[WhiteElo "2297"]
[BlackElo "2145"]
[EventDate "2002.12.09"]
[PlyCount "91"]

1.d4 Nf6 2.c4 c5 3.d5 e6 4.Nc3 exd5 5.cxd5 d6 6.e4 g6 7.Nf3 Bg7 8.Nd2 O-O 
9.Be2 Re8 10.O-O Nbd7 11.f3 a6 12.a4 Nh5 13.f4 Bd4+ 14.Kh1 Nhf6 15.Bf3 Rb8
16.a5 b5 17.axb6 Nxb6 18.Ra3 Be3 19.Ndb1 Bxc1 20.Qxc1 Nc4 21.Ra2 Qb6 22.
Nd2 Ne3 23.Re1 Neg4 24.Re2 h5 25.h3 Bb7 26.Nc4 Qd8 27.Qd2 Nh6 28.Kg1 Nh7 
29.g4 hxg4 30.hxg4 f6 31.Ra1 Nf7 32.Rh2 Kg7 33.Kf2 Rh8 34.Rah1 Qe7 35.Qe3 
Rbg8 36.Ke1 Nf8 37.Kd2 Nd7 38.Be2 Qd8 39.Bd3 Qc7 40.Qg3 Rxh2+ 41.Rxh2 Nb6 
42.Ne3 Qd7 43.g5 fxg5 44.f5 Ne5 45.Be2 Qe7 46.fxg6 1-0

[Event "41st World U20 ch"]
[Site "Panaji IND"]
[Date "2002.12.10"]
[Round "2.31"]
[White "Byomakesh, Nayak"]
[Black "Eriksson, Jonas"]
[Result "1-0"]
[WhiteElo "2136"]
[BlackElo "2278"]
[EventDate "2002.12.09"]
[PlyCount "101"]

1.d4 d6 2.c4 f5 3.Nc3 Nf6 4.Nf3 g6 5.e3 Bg7 6.d5 Na6 7.Be2 Nc5 8.Nd4 a5 9.
O-O O-O 10.Rb1 Bd7 11.Bf3 Nfe4 12.Nxe4 fxe4 13.Be2 e5 14.Nb5 Rf7 15.Bg4 
Bf5 16.Bxf5 gxf5 17.Bd2 Qh4 18.Qe1 Nd3 19.Qe2 b6 20.f3 Qh5 21.Qd1 exf3 22.
Qxf3 Qg6 23.Qe2 Nc5 24.Nc3 e4 25.Nb5 Be5 26.Bc3 Raf8 27.Nd4 Rg7 28.Nc6 
Bxc3 29.bxc3 Qg5 30.Nd4 Rf6 31.Rf4 Nd3 32.Rff1 Rgf7 33.Ne6 Qh4 34.Nf4 Ne5 
35.g3 Qg5 36.Ne6 Qh6 37.Nd4 Qh3 38.Rf4 Rh6 39.Rbf1 Rh5 40.R4f2 Rf6 41.Rf4 
Nd3 42.Rxe4 Rfh6 43.Re8+ Kf7 44.Re6 Rxe6 45.Nxe6 Kf6 46.Nf4 Nxf4 47.exf4 
Rh6 48.Re1 Kg6 49.Qe8+ Kf6 50.Re6+ Kg7 51.Qd7+ 1-0

[Event "41st World U20 ch"]
[Site "Panaji IND"]
[Date "2002.12.10"]
[Round "2.32"]
[White "Pradeep, T. S."]
[Black "Geirnaert, Steven"]
[Result "0-1"]
[WhiteElo "2111"]
[BlackElo "2277"]
[EventDate "2002.12.09"]
[PlyCount "69"]

1.e4 e5 2.Bc4 Nf6 3.Nc3 Nxe4 4.Nf3 Nc6 5.O-O Nd6 6.Bd5 Be7 7.Re1 O-O 8.
Nxe5 Nxe5 9.Rxe5 Bf6 10.Re1 c6 11.Bf3 Nf5 12.Ne4 Be7 13.d4 d5 14.Ng3 Bd6 
15.Qd3 Qf6 16.c3 Nh4 17.Bd1 Ng6 18.Bc2 Qh4 19.Nf1 Bg4 20.h3 Bd7 21.Bd2 f5 
22.Qf3 f4 23.Nh2 Qg5 24.Bxg6 Qxg6 25.Ng4 Qc2 26.Qd1 Qxb2 27.Rb1 Qxa2 28.
Rxb7 Bc8 29.Rb1 f3 30.Ne5 Bxe5 31.dxe5 fxg2 32.e6 Re8 33.e7 Bxh3 34.Rb4 
Qa6 35.Qh5 0-1

[Event "41st World U20 ch"]
[Site "Panaji IND"]
[Date "2002.12.10"]
[Round "2.33"]
[White "Dutta, Sayantan"]
[Black "Jagadish, H. D."]
[Result "1-0"]
[WhiteElo "2275"]
[BlackElo "2130"]
[EventDate "2002.12.09"]
[PlyCount "117"]

1.e4 c5 2.Nf3 Nc6 3.Bb5 g6 4.O-O Bg7 5.Re1 Nf6 6.e5 Nd5 7.Nc3 Nc7 8.Bxc6 
dxc6 9.Ne4 Ne6 10.d3 O-O 11.Be3 b6 12.Qd2 Nd4 13.Nxd4 cxd4 14.Bh6 c5 15.h4
Qc7 16.Bxg7 Kxg7 17.Qf4 Bb7 18.Nd2 Qc6 19.f3 Rad8 20.Re2 Qe6 21.b3 Bd5 22.
Nf1 Qf5 23.Qd2 h6 24.Ng3 Qe6 25.Qf4 Rg8 26.Ree1 Rh8 27.Kf2 Rdg8 28.Qd2 Kf8
29.a3 Kg7 30.Re2 Qc6 31.Rh1 a5 32.Rc1 Qe6 33.Kg1 Ra8 34.a4 Qd7 35.Rf1 Rhb8
36.h5 e6 37.Kf2 Qe7 38.Rh1 Rh8 39.Ne4 Bxe4 40.Rxe4 Rag8 41.hxg6 fxg6 42.
Rh3 g5 43.Ke2 Kf7 44.Kd1 Ke8 45.Kc1 h5 46.Kb2 Qf7 47.Rh1 Qf5 48.Rf1 Rf8 
49.c3 dxc3+ 50.Qxc3 Ke7 51.Qc4 Rb8 52.Qa6 Rhd8 53.g4 hxg4 54.Qa7+ Kf8 55.
Rh1 Kg8 56.Rh5 Ra8 57.Qe7 Re8 58.Rxg5+ Qxg5 59.Qxg5+ 1-0

[Event "41st World U20 ch"]
[Site "Panaji IND"]
[Date "2002.12.10"]
[Round "2.34"]
[White "Singh, Rishipal"]
[Black "Kafka, Graeme"]
[Result "1-0"]
[WhiteElo "2252"]
[BlackElo "2108"]
[EventDate "2002.12.09"]
[PlyCount "79"]

1.c4 e5 2.Nc3 Nc6 3.Nf3 f5 4.d4 e4 5.Nd2 Nf6 6.e3 g6 7.h4 h6 8.h5 g5 9.g4 
d6 10.gxf5 Bxf5 11.Bg2 Qe7 12.Nd5 Qf7 13.Nxf6+ Qxf6 14.Nxe4 Qe7 15.Qf3 
Bxe4 16.Qxe4 Bg7 17.Qxe7+ Kxe7 18.Bd2 Rae8 19.Ke2 Rhf8 20.Rhf1 Rf5 21.Be4 
Rf6 22.f3 Kd7 23.Kd3 b6 24.b4 Ne7 25.Bc3 Rff8 26.b5 Kd8 27.a4 Nf5 28.Be1 
Ne7 29.a5 d5 30.cxd5 Kd7 31.Bb4 Rf6 32.Rfc1 Nf5 33.axb6 axb6 34.Ra7 Rc8 
35.Rc6 Ng3 36.d6 Nxh5 37.Rcxc7+ Rxc7 38.Rxc7+ Kd8 39.Bc6 Bf8 40.Ra7 1-0

[Event "41st World U20 ch"]
[Site "Panaji IND"]
[Date "2002.12.10"]
[Round "2.35"]
[White "Sriram, Sarja"]
[Black "Macak, Stefan"]
[Result "1/2-1/2"]
[WhiteElo "2100"]
[BlackElo "2246"]
[EventDate "2002.12.09"]
[PlyCount "97"]

1.Nf3 Nf6 2.c4 c5 3.Nc3 d5 4.cxd5 Nxd5 5.d4 Nxc3 6.bxc3 e6 7.e4 Be7 8.Be2 
O-O 9.O-O b6 10.Be3 Qc7 11.Qa4 Bb7 12.Bd3 Nd7 13.Rfe1 h6 14.Nd2 Nf6 15.f3 
Rfd8 16.Nc4 Ne8 17.Rac1 Bg5 18.Bxg5 hxg5 19.Nd2 a6 20.Bf1 b5 21.Qa3 cxd4 
22.cxd4 Qf4 23.Qd3 g4 24.Nb3 e5 25.d5 Rd6 26.Qe3 Qxe3+ 27.Rxe3 gxf3 28.
Rxf3 Rad8 29.Na5 Ba8 30.h3 Kf8 31.g4 Ke7 32.Rf5 f6 33.g5 Kf7 34.Bd3 g6 35.
Rf2 f5 36.exf5 Rxd5 37.fxg6+ Kg7 38.Rf7+ Kg8 39.Bc2 Rc8 40.Rf2 e4 41.h4 
Kg7 42.Rcf1 Re5 43.Kh2 Kxg6 44.Kg3 Bd5 45.Bb3 Rc3+ 46.Kf4 Rf5+ 47.Kg4 Rxf2
48.h5+ Kg7 49.Rxf2 1/2-1/2

[Event "41st World U20 ch"]
[Site "Panaji IND"]
[Date "2002.12.10"]
[Round "2.36"]
[White "Russell, Majwuana Kankanamge Athula"]
[Black "Naveen, R."]
[Result "1/2-1/2"]
[WhiteElo "2243"]
[BlackElo "2099"]
[EventDate "2002.12.09"]
[PlyCount "76"]

1.e4 e5 2.Nf3 Nc6 3.Bb5 a6 4.Ba4 Nf6 5.O-O b5 6.Bb3 Bc5 7.c3 d6 8.d4 Bb6 
9.a4 Rb8 10.Na3 Bg4 11.axb5 axb5 12.Nxb5 O-O 13.Kh1 exd4 14.cxd4 Bxf3 15.
gxf3 Nxd4 16.Nxd4 Bxd4 17.Bxf7+ Rxf7 18.Qxd4 Nh5 19.Ra3 Qh4 20.Rg1 Qh3 21.
Qd5 Rf8 22.Bg5 c6 23.Qxc6 Qe6 24.Be3 Rxf3 25.Ra5 Nf4 26.Ra7 Ng6 27.e5 Qxe5
28.Qc4+ d5 29.Qg4 Qe4 30.Qxe4 dxe4 31.Rg4 Re8 32.b4 Rf5 33.Bd4 Rf7 34.b5 
Rxa7 35.Bxa7 Kf7 36.b6 Re7 37.Bb8 Rb7 38.Bc7 Ne7 1/2-1/2

[Event "41st World U20 ch"]
[Site "Panaji IND"]
[Date "2002.12.10"]
[Round "2.37"]
[White "Phoobalan, P."]
[Black "Pranjal, Phukan"]
[Result "1-0"]
[WhiteElo "2227"]
[BlackElo "2059"]
[EventDate "2002.12.09"]
[PlyCount "101"]

1.e4 c6 2.d4 d5 3.e5 Bf5 4.Nc3 e6 5.g4 Bg6 6.Nge2 Bb4 7.Nf4 Ne7 8.a3 Bxc3+
9.bxc3 Qa5 10.Bd2 Qa4 11.Nxg6 hxg6 12.Qb1 b5 13.Qb3 Qxb3 14.cxb3 Nd7 15.a4
bxa4 16.Rxa4 O-O 17.Bd3 Rfb8 18.b4 a5 19.Rxa5 Rxa5 20.bxa5 c5 21.Ke2 Nc6 
22.Rb1 c4 23.Rxb8+ Ndxb8 24.Bc2 Nxa5 25.Bc1 Nbc6 26.Ba4 Nb3 27.Ba3 Nca5 
28.Kd1 Nb7 29.Kc2 f5 30.g5 Na1+ 31.Kb2 Nb3 32.Bxb3 cxb3 33.Bb4 Kf7 34.Kxb3
Ke8 35.Ka4 Nd8 36.Kb5 Kd7 37.Bf8 Nf7 38.h4 Nd8 39.Bxg7 Nf7 40.Bf6 f4 41.f3
Kc7 42.Kc5 Kd7 43.Kb6 Ke8 44.Kc7 Kf8 45.Kd7 Kg8 46.Kxe6 Kh7 47.Kd7 Kg8 48.
e6 Kh7 49.e7 Nd8 50.e8=Q Nf7 51.Qxf7# 1-0

[Event "41st World U20 ch"]
[Site "Panaji IND"]
[Date "2002.12.10"]
[Round "2.38"]
[White "Himanshu, Kumar"]
[Black "Ravichandran, Siddharth"]
[Result "0-1"]
[WhiteElo "2072"]
[BlackElo "2223"]
[EventDate "2002.12.09"]
[PlyCount "64"]

1.Nf3 Nf6 2.c4 c6 3.d4 d5 4.e3 e6 5.Bd3 Nbd7 6.O-O dxc4 7.Bxc4 a6 8.Qe2 b5
9.Bd3 c5 10.a4 b4 11.Nbd2 Bb7 12.e4 cxd4 13.e5 Nd5 14.Ne4 Qb8 15.Neg5 h6 
16.Nh3 g5 17.g4 h5 18.Nhxg5 hxg4 19.Re1 gxf3 20.Qxf3 N5f6 21.Qf4 Bd5 22.
exf6 Bd6 23.Qxd4 Bxh2+ 24.Kf1 Be5 25.Qe3 Nxf6 26.f3 Bg3 27.Bd2 Rh1+ 28.Ke2
Rh2+ 29.Kf1 Rh1+ 30.Ke2 Bxe1 31.Bxe1 Qh2+ 32.Qf2 Qe5+ 0-1

[Event "41st World U20 ch"]
[Site "Panaji IND"]
[Date "2002.12.10"]
[Round "2.39"]
[White "Sangma, Rahul"]
[Black "Cruz, Wilson"]
[Result "1-0"]
[WhiteElo "2214"]
[BlackElo "2021"]
[EventDate "2002.12.09"]
[PlyCount "105"]

1.e4 c5 2.Nf3 d6 3.d4 cxd4 4.Nxd4 Nf6 5.Nc3 a6 6.Be2 e6 7.Be3 Be7 8.a4 Qc7
9.a5 O-O 10.O-O Nc6 11.Nb3 Nd7 12.Na4 Nc5 13.Naxc5 dxc5 14.c3 Rd8 15.Qc2 
Bd7 16.Bxc5 Bxc5 17.Nxc5 Nxa5 18.Rxa5 Qxa5 19.Nxb7 Qb6 20.Nxd8 Rxd8 21.Ra1
Bb5 22.c4 Rc8 23.Qb3 Qd4 24.cxb5 axb5 25.Qxb5 Qxe4 26.Bf3 Qc2 27.Qe2 Qc5 
28.Qa6 Rd8 29.Qa5 Qxa5 30.Rxa5 Kf8 31.Ra8 Rxa8 32.Bxa8 Ke7 33.f4 Kd6 34.b4
f6 35.Kf2 h6 36.h4 g6 37.Ke3 e5 38.g4 f5 39.g5 h5 40.fxe5+ Kxe5 41.b5 Kd6 
42.b6 Kd7 43.Kd4 Kd6 44.Bf3 Kd7 45.Kd5 Kd8 46.Kc6 Kc8 47.b7+ Kb8 48.Kd7 f4
49.Kd6 Ka7 50.Kc7 Ka6 51.b8=Q Ka5 52.Bc6 Ka6 53.Qa8# 1-0

[Event "41st World U20 ch"]
[Site "Panaji IND"]
[Date "2002.12.10"]
[Round "2.40"]
[White "Pereira, Edgar"]
[Black "Soumya, Ranjan Mishra"]
[Result "0-1"]
[WhiteElo "2049"]
[BlackElo "2207"]
[EventDate "2002.12.09"]
[PlyCount "64"]

1.e4 c5 2.Nf3 e6 3.d4 cxd4 4.Nxd4 Nc6 5.Nc3 a6 6.Nxc6 bxc6 7.Bd3 d5 8.O-O 
Nf6 9.Qe2 Be7 10.b3 O-O 11.Bb2 c5 12.Rad1 Qc7 13.Rfe1 Re8 14.e5 Nd7 15.Nb1
Bb7 16.Nd2 a5 17.c4 a4 18.Bb1 Reb8 19.h4 Bc6 20.h5 h6 21.Qd3 Nf8 22.Qc2 
Qb7 23.Re3 dxc4 24.Qxc4 Rd8 25.Qg4 Bg5 26.f4 Qb4 27.Be4 Rxd2 28.Bxc6 Rxd1+
29.Qxd1 Rd8 30.Qf3 Qxf4 31.Qxf4 Bxf4 32.Re2 Bg3 0-1

[Event "41st World U20 ch"]
[Site "Panaji IND"]
[Date "2002.12.10"]
[Round "2.41"]
[White "Phanikanth, J. S. S."]
[Black "Vuilleumier, Alexandre"]
[Result "0-1"]
[WhiteElo "2012"]
[BlackElo "2193"]
[EventDate "2002.12.09"]
[PlyCount "57"]

1.e4 c5 2.Nf3 d6 3.d4 cxd4 4.Nxd4 Nf6 5.Nc3 Nc6 6.Bg5 e6 7.Qd2 a6 8.Be2 
Bd7 9.O-O Be7 10.Rad1 Rc8 11.Be3 O-O 12.f4 Nxd4 13.Bxd4 Bc6 14.Bf3 Qc7 15.
Kh1 Rfd8 16.Qe3 Nd7 17.e5 dxe5 18.fxe5 Bxf3 19.Qxf3 Rf8 20.Qf4 Nb8 21.Ne4 
Rcd8 22.Bc3 f5 23.Ng5 Bxg5 24.Qxg5 Nc6 25.Rd6 Qe7 26.Qxe7 Nxe7 27.Rxe6 Nd5
28.Bd4 Nc7 29.Bc5 0-1

[Event "41st World U20 ch"]
[Site "Panaji IND"]
[Date "2002.12.10"]
[Round "2.42"]
[White "Nikhilesh, Kumar"]
[Black "Sanchit, Agarwal"]
[Result "1-0"]
[WhiteElo "2182"]
[BlackElo "2004"]
[EventDate "2002.12.09"]
[PlyCount "83"]

1.e4 c5 2.Nf3 Nc6 3.Bb5 e6 4.Bxc6 bxc6 5.b3 d5 6.O-O Nf6 7.e5 Nd7 8.d3 Be7
9.c4 O-O 10.Bb2 f6 11.exf6 Bxf6 12.Bxf6 Qxf6 13.Nbd2 Rf7 14.Qc2 Ba6 15.
Rae1 Raf8 16.Re3 Re8 17.Rfe1 Rfe7 18.Ne5 Nxe5 19.Rxe5 Rc7 20.Nf3 Rce7 21.
Qe2 Bc8 22.Qe3 d4 23.Qe4 Qf8 24.Ng5 g6 25.f4 Qf6 26.Nf3 Rf8 27.g3 Rfe8 28.
Rxc5 Bb7 29.Qxd4 Qf8 30.Ne5 Rd8 31.Qe3 Rd6 32.d4 Qd8 33.Nf3 Bc8 34.Re5 Rc7
35.h4 Rf7 36.h5 Rf5 37.hxg6 hxg6 38.Rxf5 gxf5 39.Kf2 Kh8 40.Rh1+ Kg7 41.
Qe5+ Kg6 42.Rh8 1-0

[Event "41st World U20 ch"]
[Site "Panaji IND"]
[Date "2002.12.10"]
[Round "3.2"]
[White "McShane, Luke"]
[Black "Wojtaszek, Radoslaw"]
[Result "1-0"]
[WhiteElo "2546"]
[BlackElo "2452"]
[EventDate "2002.12.09"]
[PlyCount "91"]

1.d4 Nf6 2.Bg5 Ne4 3.Bf4 c5 4.f3 Qa5+ 5.c3 Nf6 6.d5 Qb6 7.Bc1 e6 8.c4 exd5
9.cxd5 d6 10.e4 g6 11.Ne2 Bg7 12.Nec3 O-O 13.Be2 Nbd7 14.O-O a6 15.a4 Rb8 
16.Kh1 Qd8 17.Be3 Re8 18.Na3 h6 19.Qd2 Kh7 20.Rab1 Nh5 21.g4 Nhf6 22.h3 
Ne5 23.Rf2 g5 24.f4 gxf4 25.Bxf4 b5 26.axb5 axb5 27.Naxb5 Ba6 28.Na3 Bxe2 
29.Qxe2 Nfd7 30.Nc2 c4 31.Bd2 Kg8 32.Rf5 Nc5 33.g5 hxg5 34.Rxg5 Ng6 35.Rg4
Nd3 36.Ne3 Nde5 37.Rg3 Bf6 38.Nf5 Rb7 39.Qh5 Ree7 40.h4 Nd3 41.Qf3 Bxc3 
42.Bxc3 Rxe4 43.h5 Rh4+ 44.Nxh4 Qxh4+ 45.Kg1 Nf4 46.Re1 1-0

[Event "41st World U20 ch"]
[Site "Panaji IND"]
[Date "2002.12.10"]
[Round "3.3"]
[White "Bromberger, Stefan"]
[Black "Berkes, Ferenc"]
[Result "1/2-1/2"]
[WhiteElo "2414"]
[BlackElo "2545"]
[EventDate "2002.12.09"]
[PlyCount "46"]

1.e4 c5 2.Nf3 d6 3.d4 cxd4 4.Nxd4 Nf6 5.Nc3 a6 6.Be3 e5 7.Nb3 Be7 8.f3 Be6
9.Qd2 O-O 10.O-O-O Qc7 11.g4 Rc8 12.Kb1 Nbd7 13.g5 Nh5 14.Ne2 Nb6 15.Ng3 
Nf4 16.h4 d5 17.Nd4 Bc5 18.Nxe6 fxe6 19.Bxf4 exf4 20.Ne2 Nc4 21.Qc3 Ne3 
22.Bh3 Re8 23.Nd4 Nxd1 1/2-1/2

[Event "41st World U20 ch"]
[Site "Panaji IND"]
[Date "2002.12.10"]
[Round "3.4"]
[White "Azarov, Sergei"]
[Black "Sadykov, Rustem"]
[Result "1/2-1/2"]
[WhiteElo "2520"]
[BlackElo "2400"]
[EventDate "2002.12.09"]
[PlyCount "33"]

1.e4 c5 2.Nf3 d6 3.d4 cxd4 4.Nxd4 Nf6 5.Nc3 a6 6.Be3 e5 7.Nb3 Be6 8.Qd2 
Be7 9.f3 O-O 10.O-O-O Qc7 11.Kb1 Rc8 12.g4 Nbd7 13.Qf2 b5 14.g5 Nh5 15.Nd5
Bxd5 16.Rxd5 Rcb8 17.f4 1/2-1/2

[Event "41st World U20 ch"]
[Site "Panaji IND"]
[Date "2002.12.10"]
[Round "3.5"]
[White "Sandipan, Chanda"]
[Black "Smerdon, David"]
[Result "0-1"]
[WhiteElo "2510"]
[BlackElo "2382"]
[EventDate "2002.12.09"]
[PlyCount "102"]

1.e4 d5 2.exd5 Nf6 3.c4 e6 4.dxe6 Bxe6 5.Nf3 Qe7 6.Be2 Bxc4 7.d3 Ba6 8.O-O
Nc6 9.Nc3 O-O-O 10.a3 Ne5 11.Nxe5 Qxe5 12.Be3 Bc5 13.Bxc5 Qxc5 14.Qd2 Rd4 
15.b4 Qf5 16.b5 Bxb5 17.Nxb5 Qxb5 18.Rab1 Qe5 19.Bf3 b6 20.Qb2 Re8 21.Qb3 
Re7 22.h3 Qa5 23.Rfc1 h5 24.Qc2 Rd6 25.a4 a6 26.Qc4 g5 27.g3 Kb8 28.Kg2 g4
29.hxg4 hxg4 30.Bc6 Qf5 31.Rh1 Qc8 32.a5 Ree6 33.Ba4 Qb7+ 34.Kg1 Rd8 35.
Rh6 b5 36.Qc2 Rde8 37.Qd2 Qf3 38.Qb4 Ne4 39.Rh2 c5 40.Qb2 Ng5 41.Qc3 Ne4 
42.Qa1 Nxg3 43.Bb3 Ne2+ 44.Kf1 Re5 45.Rh8 Ka7 46.Rh7 c4 47.Bxc4 bxc4 48.
Qb2 Ng3+ 49.Kg1 Re1+ 50.Kh2 Nf1+ 51.Kg1 Ne3+ 0-1

[Event "41st World U20 ch"]
[Site "Panaji IND"]
[Date "2002.12.10"]
[Round "3.7"]
[White "Aronian, Levon"]
[Black "Roy Chowdhury, Saptarshi"]
[Result "1-0"]
[WhiteElo "2581"]
[BlackElo "2376"]
[EventDate "2002.12.09"]
[PlyCount "71"]

1.e4 c5 2.Nc3 Nc6 3.Bb5 d6 4.Bxc6+ bxc6 5.d3 Nf6 6.f4 e6 7.Nf3 Nd7 8.O-O 
Be7 9.Qe1 O-O 10.b3 Ba6 11.Nd1 Qc7 12.c4 Bf6 13.Rb1 Bd4+ 14.Be3 Bxe3+ 15.
Qxe3 Rae8 16.Nc3 Qa5 17.Rbc1 d5 18.Na4 d4 19.Qf2 f6 20.h4 Bc8 21.h5 Nb6 
22.h6 Nxa4 23.bxa4 Qxa4 24.e5 f5 25.Rb1 gxh6 26.Qg3+ Kh8 27.Qh4 Kg7 28.Rf2
Rf7 29.Rb3 Rg8 30.Kh2 Qa5 31.Rb8 Rgf8 32.Rfb2 Qc3 33.R2b3 Qc1 34.Ra8 Rc7 
35.Rbb8 Kg6 36.Rxc8 1-0

[Event "41st World U20 ch"]
[Site "Panaji IND"]
[Date "2002.12.10"]
[Round "3.10"]
[White "Vioreanu, Bogdan"]
[Black "Ganguly, Surya Shekhar"]
[Result "0-1"]
[WhiteElo "2379"]
[BlackElo "2531"]
[EventDate "2002.12.09"]
[PlyCount "156"]

1.d4 d5 2.c4 dxc4 3.e3 Nf6 4.Bxc4 e6 5.Nf3 c5 6.O-O a6 7.dxc5 Qxd1 8.Rxd1 
Bxc5 9.Nbd2 b6 10.Be2 Bb7 11.Nc4 Nbd7 12.a3 a5 13.Bd2 O-O 14.Be1 Rfd8 15.
Nd4 Nd5 16.Nb5 Ba6 17.a4 Rac8 18.Bf3 N7f6 19.e4 Bxb5 20.axb5 Nc7 21.e5 
Nfd5 22.Be2 Rb8 23.Rac1 Nxb5 24.Nxa5 Nd4 25.Bf1 Nf4 26.Rxd4 Bxd4 27.Nc6 
Bxb2 28.Rb1 Ba3 29.Nxd8 Rxd8 30.Rxb6 Rd1 31.Rb8+ Bf8 32.g3 Ne2+ 33.Bxe2 
Rxe1+ 34.Bf1 Rxe5 35.Bd3 g6 36.Rb5 Re1+ 37.Kg2 Rd1 38.Be2 Rd2 39.Kf3 Kg7 
40.Ke3 Ra2 41.Bc4 Rc2 42.Be2 Bd6 43.f4 Rc1 44.Kf2 Bc5+ 45.Kf3 Rc3+ 46.Kg2 
Rc2 47.Kf3 Bg1 48.h3 Bh2 49.Rb3 h5 50.g4 h4 51.f5 Kf6 52.fxg6 fxg6 53.Bd3 
Rd2 54.Bc4 Bg1 55.Be2 e5 56.Ba6 Rf2+ 57.Ke4 Rf4+ 58.Kd3 Rf3+ 59.Kc2 Be3 
60.Kd3 Bb6+ 61.Kc2 Rxb3 62.Kxb3 e4 63.Kc3 Ke5 64.Kd2 Kf4 65.Ke1 Kg3 66.Bf1
g5 67.Ke2 Bc5 68.Ke1 Kf3 69.Be2+ Kg2 70.Bf1+ Kg1 71.Bc4 Kg2 72.Bf1+ Kg3 
73.Ke2 Bf2 74.Kd1 Kf3 75.Bc4 Kg2 76.Bd5 Kxh3 77.Bxe4 Kh2 78.Ke2 Kg1 0-1

[Event "41st World U20 ch"]
[Site "Panaji IND"]
[Date "2002.12.10"]
[Round "3.11"]
[White "Poobesh Anand, Selvaraj"]
[Black "Ghaem Maghami, Ehsan"]
[Result "1/2-1/2"]
[WhiteElo "2351"]
[BlackElo "2511"]
[EventDate "2002.12.09"]
[PlyCount "80"]

1.d4 Nf6 2.c4 c5 3.d5 b5 4.cxb5 a6 5.bxa6 Bxa6 6.Nc3 g6 7.g3 d6 8.Bg2 Bg7 
9.Nf3 O-O 10.Rb1 Nbd7 11.O-O Qa5 12.Qc2 Nb6 13.Rd1 Bb7 14.e4 Na4 15.Nd2 
Nxc3 16.bxc3 Bc8 17.Bb2 Qa4 18.Qxa4 Rxa4 19.c4 Rxa2 20.Bc3 Bd7 21.Ra1 Rfa8
22.Rdb1 Rxa1 23.Rxa1 Rxa1+ 24.Bxa1 Nxe4 25.Bxe4 Bxa1 26.Kf1 Bc3 27.Ke2 e5 
28.Bc2 f5 29.f3 Kf7 30.Nf1 Kf6 31.Ne3 Bd4 32.h4 g5 33.h5 Bxe3 34.Kxe3 f4+ 
35.Ke2 fxg3 36.Bxh7 Bf5 37.Bxf5 Kxf5 38.Kf1 Kf6 39.Kg2 Kg7 40.Kxg3 Kh7 
1/2-1/2

[Event "41st World U20 ch"]
[Site "Panaji IND"]
[Date "2002.12.10"]
[Round "3.12"]
[White "Erenburg, Sergey"]
[Black "Das, Arghyadip"]
[Result "1-0"]
[WhiteElo "2494"]
[BlackElo "2324"]
[EventDate "2002.12.09"]
[PlyCount "113"]

1.e4 c5 2.c3 Nf6 3.e5 Nd5 4.d4 cxd4 5.Nf3 e6 6.cxd4 b6 7.Nc3 Nxc3 8.bxc3 
Qc7 9.Bd2 d6 10.Bd3 Nd7 11.Ng5 Bb7 12.O-O dxe5 13.Qh5 g6 14.Qh3 Be7 15.
Rfe1 e4 16.Bxe4 Bxg5 17.Bxg5 O-O 18.Bc2 Bd5 19.Re3 f6 20.Bh6 Rfe8 21.Qh4 
Qc6 22.Rae1 Kf7 23.Rg3 Rg8 24.Bc1 h5 25.Bb3 b5 26.Ba3 Rae8 27.Rge3 Nb6 28.
Bc5 Nc4 29.Bxc4 bxc4 30.f3 Rb8 31.Bxa7 Ra8 32.Bc5 Rxa2 33.R3e2 Rga8 34.Qf2
Qa4 35.h4 Qb3 36.Qe3 Rxe2 37.Rxe2 Ra1+ 38.Re1 Rxe1+ 39.Qxe1 Qb2 40.Bb4 Kg7
41.Qg3 Qa1+ 42.Kh2 Qa7 43.Qd6 Qf7 44.Qd8 Qg8 45.Qc7+ Qf7 46.Be7 Qe8 47.Kg1
Qf7 48.Qd8 Bc6 49.Bxf6+ Qxf6 50.Qc7+ Kh6 51.Qxc6 Qxh4 52.Qxe6 Qg5 53.Qe5 
Qd2 54.d5 h4 55.Kh2 g5 56.d6 Kg6 57.Kh3 1-0

[Event "41st World U20 ch"]
[Site "Panaji IND"]
[Date "2002.12.10"]
[Round "3.13"]
[White "Neelotpal, Das"]
[Black "Paragua, Mark"]
[Result "1-0"]
[WhiteElo "2374"]
[BlackElo "2476"]
[EventDate "2002.12.09"]
[PlyCount "63"]

1.e4 c5 2.Nf3 e6 3.d4 cxd4 4.Nxd4 Nc6 5.Nc3 Qc7 6.Be2 a6 7.O-O Nf6 8.Kh1 
Be7 9.Be3 O-O 10.f4 d6 11.a4 Re8 12.Bf3 Rb8 13.g4 Nd7 14.g5 b6 15.Bg2 Bb7 
16.Rf3 Bf8 17.Rh3 g6 18.Qd2 Nb4 19.Nb3 Bg7 20.Rd1 Nc5 21.Qf2 Qe7 22.Nxc5 
bxc5 23.Rd2 Rbc8 24.Ne2 d5 25.c3 d4 26.cxd4 cxd4 27.Bxd4 Bxd4 28.Rxd4 Rc2 
29.Bf3 e5 30.Qh4 h5 31.Bxh5 Nd3 32.Bxg6 1-0

[Event "41st World U20 ch"]
[Site "Panaji IND"]
[Date "2002.12.10"]
[Round "3.14"]
[White "Mastrovasilis, Dimitrios"]
[Black "Prathamesh, Sunil Mokal"]
[Result "1/2-1/2"]
[WhiteElo "2461"]
[BlackElo "2335"]
[EventDate "2002.12.09"]
[PlyCount "88"]

1.e4 c5 2.d3 Nc6 3.Be2 d6 4.f4 g6 5.Nf3 Bg7 6.O-O e6 7.c3 Nge7 8.Be3 f5 9.
Nbd2 O-O 10.d4 fxe4 11.Nxe4 Nd5 12.Qd2 Nxe3 13.Qxe3 cxd4 14.Nxd4 Nxd4 15.
cxd4 Qb6 16.Rad1 Kh8 17.Kh1 Bd7 18.Bg4 Rae8 19.Ng5 h6 20.Qh3 d5 21.Nf3 Bb5
22.Rfe1 Rxf4 23.Bxe6 Re4 24.Bxd5 Rxe1+ 25.Rxe1 Rxe1+ 26.Nxe1 Qd8 27.Bb3 
Kh7 28.Nf3 Bxd4 29.Nxd4 Qxd4 30.Qc8 Qg7 31.Bg8+ Qxg8 32.Qxb7+ Kh8 33.Qxb5 
Qxa2 34.h3 Qf7 35.Qe5+ Kh7 36.Qb8 Qf2 37.Kh2 h5 38.b4 h4 39.Qe5 Kh6 40.b5 
g5 41.Qh8+ Kg6 42.Qg8+ Kh6 43.Qh8+ Kg6 44.Qg8+ Kh6 1/2-1/2

[Event "41st World U20 ch"]
[Site "Panaji IND"]
[Date "2002.12.10"]
[Round "3.15"]
[White "Satyapragyan, Swayangsu"]
[Black "Rohit, Gogineni"]
[Result "1/2-1/2"]
[WhiteElo "2436"]
[BlackElo "2319"]
[EventDate "2002.12.09"]
[PlyCount "37"]

1.e4 c5 2.Nf3 d6 3.d4 cxd4 4.Nxd4 Nf6 5.Nc3 Nc6 6.Bc4 Qb6 7.Nb3 e6 8.O-O 
Be7 9.a4 O-O 10.Be3 Qc7 11.Bd3 d5 12.exd5 exd5 13.Nb5 Qe5 14.Qc1 Qh5 15.
Bf4 a6 16.Nd6 Rd8 17.Nxc8 Raxc8 18.Re1 d4 19.Qd1 1/2-1/2